Top 30 Rappers Based On Spotify Monthly Listeners - Statistics

General Stats
  • This quiz has been taken 46 times
  • The average score is 18 of 30
Answer Stats
Ranking Monthly Listeners Most Popular Song Answer % Correct
2 80,531,322 Gods Plan Drake
100%
1 88,429,389 HUMBLE Kendrick Lamar
100%
3 68,273,979 Without Me Eminem
91%
4 63,891,056 goosebumps Travis Scott
91%
5 62,333,538 Heartless Kanye West
88%
30 29,421,154 Lucid Dreams Juice WRLD
82%
24 33,637,705 SAD! XXXTENTACION
79%
6 55,855,597 Mask Off Future
76%
17 38,322,985 In Da Club 50 Cent
74%
9 46,850,383 Starships Nicki Minaj
74%
15 41,401,679 See You Again Wiz Khalifa
74%
23 34,453,146 Empire State Of Mind JAY-Z
71%
7 51,207,919 Magnolia Playboi Carti
71%
22 35,053,190 No Role Modelz J. Cole
68%
28 30,817,108 Young Wild And Free Snoop Dogg
68%
27 31,746,111 Drip Too Hard Lil Baby
59%
26 32,171,147 Drip Too Hard Gunna
56%
8 46,972,363 Sucker For Pain Lil Wayne
56%
20 35,985,106 Lemonade Don Toliver
53%
11 43,603,570 See You Again Tyler, The Creator
53%
14 43,344,185 Creepin 21 Savage
50%
10 46,497,603 Anxiety Doechii
50%
12 43,432,129 Creepin Metro Boomin
47%
18 37,732,372 Praise Da Lord (Da Shine) A$AP ROCKY
44%
21 35,723,956 Sunflower Swae Lee
44%
29 29,693,460 Trance Young Thug
44%
25 32,724,176 Smack That Akon
41%
19 37,233,329 Break From Toronto PARTYNEXTDOOR
32%
13 43,359,659 LADY GAGA Peso Pluma
9%
16 39,379,437 Swalla Ty Dolla $ign
3%
No matching quizzes found
Score Distribution
Percent of People with Each Score
Percentile by Number Answered
Your Score History
You have not taken this quiz